Footballers That Have Played in the LaLiga - Sudden Death - Statistics

General Stats
  • This quiz has been taken 200 times
  • The average score is 8 of 10
Answers on the Grid
Answers color-coded by a green-red scale on the quiz's grid according to % correct below.
Yann Sommer
Vitinha
Steven Gerrard
Sergio Ramos
Raphinha
Mohamed Salah
Marquinhos
Luka Modric
Liam Delap
Karim Benzema
Kai Havertz
Javi Puado
Isco
Giorgi Mamardashvili
Francesco Totti
Federico Valverde
Diogo Costa
Antony
Andrés Iniesta
Alisson Becker
 
Answer Stats
Answer % Correct
Luka Modric
91%
Sergio Ramos
89%
Andrés Iniesta
81%
Isco
81%
Karim Benzema
81%
Federico Valverde
80%
Raphinha
78%
Antony
77%
Giorgi Mamardashvili
63%
Javi Puado
50%
No matching quizzes found
Score Distribution
Percent of People with Each Score
Percentile by Number Answered
Your Score History
You have not taken this quiz